000 02052cam a22005054i 4500
003 PE-LiUPU
005 20250731172806.0
008 150617s r 000 0 d
020 _a8425408741
035 _a(Sirsi) i9788425408748
040 _aPE-LiUPU
_bspa
_cPE-LiUPU
_erda
049 _aPRUA
082 0 4 _a225.08
_bN
_221
100 1 _aKürzinger, Josef,
_eautor.
245 1 4 _aLos Hechos de los Apóstoles.
_n5 / 2 /
_cJosef Kürzinger.
264 1 _aBarcelona :
_bHerder,
_c1974.
300 _a212 páginas ;
_c21 centímetros
336 _atext
_2rdacontent
337 _aunmediated
_2rdamedia
338 _avolume
_2rdacarrier
490 0 _aEl nuevo testamento de los apóstoles ;
_v5/2
505 0 _aEl camino del apóstol Pablo: de Antioquía a Roma (13,1-28,31). Primer viaje misional. Problemas de la misión de los gentiles. Segundo viaje misional. Tercer viaje misional. Arresto y prisión preventiva (21,15-23,22). En Cesarea (23,23-26,32). El viaje a Roma (27,1-28,31).
526 _aSEG42
526 _aSEG41
526 _aSEG40
526 _aSEG39
526 _aP94
526 _aP87
526 _aP86
526 _aP85
526 _aP77
526 _aP76
526 _aP35
630 _aBiblia
_pN.T.
_pHechos
_xComentarios.
910 _ajck
_bjvq
_cjck
_d20150616
942 _2ddc
_cBOOK
949 _a225.08 N 5 / 2
_wDEWEY
_c1
_i23143
_lCCODEBUL1
_mBUL
_r0
_sY
_tBOOK
_u2015-6-17
_xTEOLOGIA
_PP35
_0COMPRA
_o.STAFF. Colección General
949 _a225.08 N 5 / 2
_wDEWEY
_c2
_i14200
_lCCODEBUL1
_mBUL
_r0
_sY
_tBOOK
_u2015-6-17
_xTEOLOGIA
_PP35
_0COMPRA
_o.STAFF. Colección General
994 _aC0
_bPEPRU
596 _a1
999 _a225.08 N 5 / 2
_wDEWEY
_c3756
_i23143
_d3756
_f2019-12-10
_g4
_lDISCARD
_mBUL
_q2
_r1
_sY
_tBOOK
_u2015-6-17
_xTEOLOGIA
_PP35
_0COMPRA
_o.STAFF. Colección General
999 _a225.08 N 5 / 2
_wDEWEY
_c2
_i14200
_f2021-11-11
_g5
_lCCODEBUL1
_mBUL
_r0
_sY
_tBOOK
_u2015-6-17
_xTEOLOGIA
_PP35
_0COMPRA
_o.STAFF. Colección General
980 _81
_gALBERTO SANCHEZ Responsable de Automatización